000 00645nam a2200193Ia 4500
003 GCL
008 140319s9999 xx 000 0 ara d
020 _a0435387977
040 _aGCL /
_cGCL
082 0 4 _a005.3
_bم ا
100 1 _aمصطفى عبد الشافى
245 1 0 _aاحترف MICROSOFT WORD 2003 /
_cمصطفى عبد الشافى
260 _aالقاهرة :
_bدار الكتب العلمية للنشر والتوزيع ،
_c2004
300 _a287 ص ؛
_c25 سم
650 0 4 _aنظم المعلومات
650 0 4 _aالحاسبات الالكترونية - برامج
650 0 4 _aوورد 2003
942 _2ddc
_cBK
999 _c56616
_d56616